00561nam a2200205 i 4500001001100000003000500011005001700016008004100033040002500074082001600099090002100115245004300136264007000179300001000249336002100259337002500280338002300305942001000328999001700338C2-0281015PPAK20180728011759.0070726s1998 my |||| ||||| | may d aPPAKbengcPPAKerda04a899.23322300a899.233bSASdKK00aSastera (Keratan Akhbar Koleksi Kedah) 1aAlor Setar, Kedah : bPerbadanan Perpustakaan Awam Kedah , c1998 c33 cm 2rdacontentatext 2rdamediaaunmediated 2rdacarrieravolume ddccB c87471d87471